000 00275nam a2200121Ia 4500
100 _aHiggins/ L.R./ Morrow/L.C
942 _cRB
654 _ahandbook
245 _aMaintenance Engg. handbook
260 _bMcGraw Hill
_aNew York
_c1977
082 _a658.2
546 _aENGLISH
999 _c25085
_d25085